100 classici del cinema gay : i film che cambiano la vita : 1931-1994 /
I tiakina i:
| Kaituhi matua: | |
|---|---|
| Hōputu: | Pukapuka |
| Reo: | Itāriana |
| I whakaputaina: |
Venezia :
Cicero,
c2009
|
| Rangatū: | Saggi
|
| Ngā marau: | |
| Ngā Tūtohu: |
Kāore He Tūtohu, Me noho koe te mea tuatahi ki te tūtohu i tēnei pūkete!
|
MARC
| LEADER | 00000nam a22000007i 4500 | ||
|---|---|---|---|
| 001 | IT\ICCU\UBO\3648148 | ||
| 003 | ItRI | ||
| 005 | 20260508115313.0 | ||
| 008 | 090610s2009 it |||||| ||||| |||||c | ||
| 020 | |a 9788889632208 | ||
| 040 | |b ita |c Arcigay Rimini | ||
| 041 | 7 | |a ita |2 ISO-639-2 | |
| 100 | 1 | |a Patanè, Vincenzo |0 IT\ICCU\CFIV\148333 |4 aut | |
| 245 | 1 | 0 | |a 100 classici del cinema gay : |b i film che cambiano la vita : 1931-1994 / |c Vincenzo Patanè. |
| 246 | 1 | 3 | |a Cento classici del cinema gay. |
| 260 | |a Venezia : |b Cicero, |c c2009 | ||
| 300 | |a x, 238 p. [16] c. di tav. : |b ill. ; |c 23 cm. | ||
| 650 | 7 | |a Omosessualità [nel] Cinema |x Cataloghi [di] Film |2 nsbncf | |
| 830 | 0 | |a Saggi |0 IT\ICCU\PAL\0212223 | |
| 942 | |2 ddc |c BK | ||
| 952 | |0 0 |1 0 |2 ddc |4 0 |6 791_436526643000000_PAT_100 |7 1 |9 1969 |a RA |b RA |d 2024-09-12 |l 0 |o 791.436526643 PAT 100 |p 9567 |r 2024-09-12 17:47:45 |w 2024-09-12 |y BK |z Donazione di Pietro Brentini | ||
| 952 | |0 0 |1 0 |2 ddc |4 0 |6 791_430000000000000_VIN_100 |7 1 |9 2317 |a RN |b RN |d 2024-12-24 |l 0 |o 791.43 VIN 100 |p 9770 |r 2024-12-24 10:20:09 |w 2024-12-24 |y BK | ||
| 952 | |0 0 |1 0 |2 ddc |4 0 |6 B_ACNPATVICEN11 |7 0 |9 9071 |a MI |b MI |d 2011-06-29 |i 6199 |l 0 |o B-ACN-PATVI-CEN11 |p CDOM6199 |r 2025-07-17 21:50:43 |w 2025-07-17 |x ACQUISTO |y BK | ||
| 952 | |0 0 |1 0 |4 0 |6 DOC_791_436000000000000_PAT |7 0 |9 21341 |a BO |b BO |d 2026-01-15 |i 12826 |l 0 |o DOC 791.436 PAT |p BO12826 |r 2026-01-15 23:21:53 |w 2026-01-15 |x [Sebina 5] [1 v.] |y BK |z 1 v. | ||
| 952 | |0 0 |1 0 |4 0 |6 DOC_791_436000000000000_PAT |7 0 |9 21342 |a BO |b BO |d 2026-01-15 |i 18564 |l 0 |o DOC 791.436 PAT |p BO18564 |r 2026-01-15 23:21:53 |w 2026-01-15 |x [Sebina 5] [1 v.] |y BK |z 1 v. (2. copia) | ||
| 952 | |0 0 |1 0 |4 0 |6 791_594500000000000_VIN_100 |7 0 |9 33006 |a VR |b VR |d 2026-02-16 |i 94 |l 0 |o 791.5945 VIN 100 |p OBE-94 |r 2026-02-16 15:28:37 |w 2026-02-16 |y BK | ||
| 952 | |0 0 |1 0 |2 ddc |4 0 |6 791_000000000000000_PAT_CEN |7 0 |9 33369 |a MI |b MI |d 2026-05-02 |l 0 |o 791 PAT CEN |p 11868 |r 2026-05-02 13:39:57 |w 2026-05-02 |y BK | ||
| 999 | |c 2026 |d 2026 | ||